Highlights (Record no. 109297)

MARC details
000 -LEADER
fixed length control field 01329cad a22002295a 4500
001 - CONTROL NUMBER
control field L146801
008 - FIXED-LENGTH DATA ELEMENTS--GENERAL INFORMATION
fixed length control field 090302s2008 xxkad f s 000 0 eng d
035 ## - SYSTEM CONTROL NUMBER
System control number (Sirsi) u146801
041 0# - LANGUAGE CODE
Language code of text/sound track or separate title eng
050 04 - LIBRARY OF CONGRESS CALL NUMBER
Classification number 333.33 $2 18
110 2# - MAIN ENTRY--CORPORATE NAME
Corporate name or jurisdiction name as entry element Colliers International Property Consultants
9 (RLIN) 1881
245 00 - TITLE STATEMENT
Title Highlights
Remainder of title retail, fall 2008
Medium [electronic resource]
260 ## - PUBLICATION, DISTRIBUTION, ETC.
Place of publication, distribution, etc. Boston
Name of publisher, distributor, etc. Colliers
Date of publication, distribution, etc. 2008
490 #0 - SERIES STATEMENT
Series statement Colliers United States Retail Highlights
Volume/sequential designation Fall 2008
520 ## - SUMMARY, ETC.
Summary, etc. A semi-annual review of rents, vacancy, development and trends in the retail sector across the United States. Reports that retail sales fell in October for the third successive month, with housing related areas such as furniture and DIY stores seeing YTD sales shrink. The fastest growth (excluding petrol and non-store retailers) was in grocery stores, with YTD growth of 6.1%. Predicts that conditions will not improve until the second half of 2009 at the earliest, with levels of construction falling and levels of vacancy rising.
590 ## - LOCAL NOTE (RLIN)
Local note KA
650 24 - SUBJECT ADDED ENTRY--TOPICAL TERM
Topical term or geographic name entry element COLLIERS UNITED STATES RETAIL HIGHLIGHTS
651 #4 - SUBJECT ADDED ENTRY--GEOGRAPHIC NAME
Geographic name United States
Chronological subdivision 1959-
690 ## - LOCAL SUBJECT ADDED ENTRY--TOPICAL TERM (OCLC, RLIN)
Topical term or geographic name as entry element PROPERTY-COMMERCIAL PROPERTY-COMMERCIAL PROPERTY MARKET
856 40 - ELECTRONIC LOCATION AND ACCESS
Uniform Resource Identifier <a href="https://www.colliers.com/Markets/USA/MarketReports/">https://www.colliers.com/Markets/USA/MarketReports/</a>
Public note View the report free of charge at www.colliers.com...
942 ## - ADDED ENTRY ELEMENTS (KOHA)
Suppress in OPAC 0
Holdings
Withdrawn status Lost status Source of classification or shelving scheme Damaged status Not for loan Home library Current library Shelving location Date acquired Total Checkouts Full call number Barcode Date last seen Copy number Price effective from Koha item type
    Dewey Decimal Classification     Virtual Virtual Online 02/03/2009   ONLINE PUBLICATION 146801-2001 06/08/2019 1 06/08/2019 Book